000 00433cam a22001457a 4500
008 180718b1978 xxu||||| |||| 00| 0 eng d
020 _a0 7069 0630 6
082 _aP5x654 J613
100 _aJohn, V. V.
245 _aGreat classroom hoax & other reflections on India's education
_cby V. V. John
260 _aNew Delhi
_bVikas
_c1978
300 _axvi, 229p.
650 _aSchool buildings --India
650 _aClassroom utilization
999 _c431322
_d431322